Tradición, estilo o escuela en la pintura Iberoamericana, siglos XVI-XVIII (Record no. 1088)
[ view plain ]
| 000 -CABECERA | |
|---|---|
| campo de control de longitud fija | 01085nam a2200229 a 4500 |
| 001 - NÚMERO DE CONTROL | |
| campo de control | BRCA_1216 |
| 005 - FECHA Y HORA DE LA ÚLTIMA TRANSACCIÓN | |
| campo de control | 20190320203330.0 |
| 008 - DATOS DE LONGITUD FIJA--INFORMACIÓN GENERAL | |
| campo de control de longitud fija | 290705s2000----mx-a---###---#000-0#sps-d |
| 020 ## - NÚMERO INTERNACIONAL ESTÁNDAR DEL LIBRO | |
| Número Internacional Estándar del Libro | 9703209823 |
| 050 #4 - SIGNATURA TOPOGRÁFICA DE LA BIBLIOTECA DEL CONGRESO | |
| Número de clasificación | ND253 |
| Número de documento/Ítem | .T73 2000 |
| 245 10 - MENCIÓN DE TÍTULO | |
| Título | Tradición, estilo o escuela en la pintura Iberoamericana, siglos XVI-XVIII |
| Resto del título | primer Seminario de Pintura Virreinal |
| Mención de responsabilidad, etc. | edición a cargo de María Concepción García Saiz, Juana Gutiérrez Haces. |
| 260 ## - PUBLICACIÓN, DISTRIBUCIÓN, ETC. | |
| Lugar de publicación, distribución, etc. | México |
| Nombre del editor, distribuidor, etc. | UNAM, Instituto de Investigaciones Estéticas |
| Fecha de publicación, distribución, etc. | 2004 |
| 300 ## - DESCRIPCIÓN FÍSICA | |
| Extensión | 297 p. |
| Otras características físicas | il. |
| Dimensiones | 23 cm. |
| 440 #0 - MENCIÓN DE SERIE/PUNTO DE ACCESO ADICIONAL--TÍTULO | |
| Título | Estudios de arte y estética |
| Designación de volumen o secuencia | 57 |
| 9 (RLIN) | 3995 |
| 500 ## - NOTA GENERAL | |
| Nota general | Coedición con : Fomento Cultural Banamex ; Organización de Estados Iberoaméricanos para la Educación, la Ciencia y la Cultura ; Banco de Crédito del Perú |
| 611 24 - PUNTO DE ACCESO ADICIONAL DE MATERIA--NOMBRE DE REUNIÓN/CONGRESO | |
| Nombre de congreso/reunión o jurisdicción como elemento de entrada | Seminario de Pintura Virreinal |
| Número del congreso/reunión o número de parte o sección | 1 |
| Fecha del congreso/reunión | 2000 |
| Sede del congreso/Lugar de la reunión | Lima, Perú |
| 9 (RLIN) | 3996 |
| 650 14 - PUNTO DE ACCESO ADICIONAL DE MATERIA--TÉRMINO DE MATERIA | |
| Término de materia o nombre geográfico como elemento de entrada | Pintura colonial |
| Subdivisión de forma | Congresos |
| Subdivisión geográfica | México |
| 9 (RLIN) | 3997 |
| 650 14 - PUNTO DE ACCESO ADICIONAL DE MATERIA--TÉRMINO DE MATERIA | |
| Término de materia o nombre geográfico como elemento de entrada | Pintura colonial |
| Subdivisión de forma | Congresos |
| Subdivisión geográfica | Perú |
| 9 (RLIN) | 3998 |
| 700 1# - PUNTO DE ACCESO ADICIONAL--NOMBRE DE PERSONA | |
| Nombre de persona | García Saiz, María Concepción |
| 9 (RLIN) | 3999 |
| 700 1# - PUNTO DE ACCESO ADICIONAL--NOMBRE DE PERSONA | |
| Nombre de persona | Gutiérrez Haces, Juana |
| 9 (RLIN) | 2256 |
| 942 ## - ELEMENTOS DE PUNTO DE ACCESO ADICIONAL (KOHA) | |
| Fuente del sistema de clasificación o colocación | Library of Congress Classification |
| Tipo de ítem Koha | Libros |
| Estado de retiro | Estado de pérdida | Estado dañado | No para préstamo | Localización permanente | Ubicación/localización actual | Fecha de adquisición | Total de préstamos | Signatura topográfica completa | Código de barras | Fecha visto por última vez | Precio válido a partir de | Tipo de ítem Koha |
|---|---|---|---|---|---|---|---|---|---|---|---|---|
| El ejemplar forma parte de la colección y puede ser consultado según las políticas vigentes. | Biblioteca del Museo Franz Mayer (Rogerio Casas-Alatriste) | Biblioteca del Museo Franz Mayer (Rogerio Casas-Alatriste) | 26/06/2008 | ND253 .T73 2000 | 01720 | 22/03/2019 | 22/03/2019 | Libros |